Karama Said (Record no. 1771)
[ view plain ]
| 000 -LEADER | |
|---|---|
| fixed length control field | 00373nam a2200121Ia 4500 |
| 008 - FIXED-LENGTH DATA ELEMENTS--GENERAL INFORMATION | |
| fixed length control field | 151015s9999 xx 000 0 und d |
| 050 ## - LIBRARY OF CONGRESS CALL NUMBER | |
| Classification number | PL 8704 .M58K5 1985 |
| 245 ## - TITLE STATEMENT | |
| Title | Karama Said |
| 250 ## - EDITION STATEMENT | |
| Edition statement | _Nyota ya Ushairi Mashairi ya Msingi / Said Karama |
| 300 ## - PHYSICAL DESCRIPTION | |
| Extent | Nairobi : Heinemann Educational Books, 1995 |
| 650 ## - SUBJECT ADDED ENTRY--TOPICAL TERM | |
| Topical term or geographic name as entry element | _Mashairi |
| 700 ## - ADDED ENTRY--PERSONAL NAME | |
| Personal name | ^d20110419 04:20:44^okilerai |
No items available.